Air Canada Express Q400 Fleet by FIN Number - Statistics

General Stats
  • This quiz has been taken 41 times
  • The average score is 35 of 44
Answer Stats
FIN Reg (C-XXXX) % Correct
416 GGAH
100%
418 GGCI
100%
419 GGDU
100%
420 GGFJ
100%
421 GGFP
100%
415 GGMI
100%
414 GGMN
100%
413 GGMQ
100%
411 GGMU
100%
412 GGMZ
100%
403 GGOK
100%
401 GGOY
100%
427 GJZK
100%
402 GKUK
100%
417 GGBF
88%
410 GGND
88%
409 GGNF
88%
406 GGNZ
88%
405 GGOF
88%
404 GGOI
88%
424 GJZX
88%
492 FSRY
75%
493 FSRZ
75%
408 GGNW
75%
407 GGNY
75%
425 GIJZ
75%
433 GJZA
75%
428 GUJZ
75%
429 GVJZ
75%
431 GYJZ
75%
490 FSRN
63%
491 FSRW
63%
422 GBJZ
63%
495 GJZC
63%
434 GJZD
63%
497 GJZF
63%
423 GJZG
63%
498 GJZN
63%
496 GJZR
63%
432 GJZY
63%
426 GSJZ
63%
430 GXJZ
63%
489 FSRJ
50%
494 GJZH
50%
No matching quizzes found
Score Distribution
Percent of People with Each Score
Percentile by Number Answered
Your Score History
You have not taken this quiz